000
003300000a22001450004500
003
MACL
005
20151227162807.0
008
151227b xxu||||| |||| 00| 0 eng d
040
_a
MACL
_c
macl
041
_a
English
082
_a
100
245
_a
Nyaya Theory of Knowledge
650
_a
Philosophy
_9
23579
942
_c
BK
_k
100
_2
ddc
999
_c
39470
_d
39470